Фильтрование: теория и практика разделения суспензий

Détails bibliographiques
Auteur principal: Жужиков В. А. Виктор Александрович
Langue:russe
Publié: Москва, Химия, 1980
Édition:4-е изд., перераб. и доп.
Sujets:
Format: Livre
KOHA link:https://koha.lib.tpu.ru/cgi-bin/koha/opac-detail.pl?biblionumber=56958

MARC

LEADER 00000nam0a2200000 4500
001 56958
005 20231101211632.0
035 |a (RuTPU)RU\TPU\book\59857 
090 |a 56958 
100 |a 20031016d1980 k y0rusy50 ca 
101 0 |a rus 
102 |a RU 
105 |a a z 001zy 
200 1 |a Фильтрование: теория и практика разделения суспензий  |f В. А. Жужиков 
205 |a 4-е изд., перераб. и доп. 
210 |a Москва  |c Химия  |d 1980 
215 |a 398 с.  |c ил. 
320 |a Библиогр.: с. 383-394. 
606 1 |a Фильтрование  |2 stltpush  |3 (RuTPU)RU\TPU\subj\31630  |9 54437 
610 1 |a осадки 
610 1 |a фильтры 
610 1 |a производительность 
610 1 |a экономичность 
610 1 |a удельное сопротивление 
610 1 |a промывка 
675 |a 66.067  |v 3 
700 1 |a Жужиков  |b В. А.  |g Виктор Александрович 
801 1 |a RU  |b 63413507  |c 20031016  |g PSBO 
801 2 |a RU  |b 63413507  |c 20201021  |g PSBO 
942 |c BK